000
00249nam a2200109Ia 4500
005
20251222175940.0
008
251222s9999||||xx |||||||||||||| ||spa||
082
_a
658.8/R27
100
_a
Rataud, Pierre
245
0
_a
Ténicas de Ventas
942
_c
LIB
999
_c
41340
_d
41340